Catalog

Record Details

Catalog Search



Hrajeme si s Filipem : zábavná cvičení pro děti od 4 do 7 let. 6, Hádanky a kombinace  Cover Image Book Book

Hrajeme si s Filipem : zábavná cvičení pro děti od 4 do 7 let. 6, Hádanky a kombinace / [ilustrace Angelika Penner ; z německého originálu ... přeložila Jitka Bludská]

Penner, Angelika (Illustrator).

Record details

  • ISBN: 80-7367-001-1
  • Physical Description: [40] listů : il. ; 15 x 21 cm
  • Edition: Vyd. 1.
  • Publisher: Praha : Portál, 2005

Content descriptions

General Note:
Název z obálky
Subject: děti předškolního věku
děti školního věku
rozvoj myšlení
preschool children
school children
development of thought
Genre: publikace pro děti
pracovní sešity
children's literature
activity books

Available copies

  • 1 of 1 copy available at Common Catalog SPOK.

Holds

  • 0 current holds with 1 total copy.
Show All Copies
Location Call Number / Copy Notes Barcode Shelving Location Status Due Date
Jabok Library Ped-3.5.1.2/P 424480020320 Odborná literatura Available -

LDR 01815nam a2200481 a 4500
0014032
003CZ-PrJAB
00520160322064310.0
007ta
008050610s2005 xr a a 000 0 cze
015 . ‡acnb001498830
020 . ‡a80-7367-001-1 ‡q(blok s vytrhávacími listy) : ‡cKč 99,00
035 . ‡a(CZ PrNK)cpk20051498830
035 . ‡a(OCoLC)85136015
040 . ‡aABA001 ‡bcze
0411 . ‡acze ‡hger
072 7. ‡a373.2/.3 ‡xPředškolní a primární výchova a vzdělávání ‡2Konspekt ‡922
072 7. ‡a0/9-053.2 ‡xLiteratura pro děti a mládež (naučná) ‡2Konspekt ‡926
080 . ‡a316.346.32-053.4 ‡2MRF
080 . ‡a316.346.32-053.5 ‡2MRF
080 . ‡a159.955 ‡2MRF
080 . ‡a(0.053.2) ‡2MRF
080 . ‡a(076.1) ‡2MRF
1001 . ‡aPenner, Angelika ‡7mzk2005278238 ‡4ill
24510. ‡aHrajeme si s Filipem : ‡bzábavná cvičení pro děti od 4 do 7 let. ‡n6, ‡pHádanky a kombinace / ‡c[ilustrace Angelika Penner ; z německého originálu ... přeložila Jitka Bludská]
24630. ‡aHádanky a kombinace
250 . ‡aVyd. 1.
260 . ‡aPraha : ‡bPortál, ‡c2005
300 . ‡a[40] listů : ‡bil. ; ‡c15 x 21 cm
500 . ‡aNázev z obálky
65007. ‡aděti předškolního věku ‡7ph119710 ‡2czenas
65007. ‡aděti školního věku ‡7ph119714 ‡2czenas
65007. ‡arozvoj myšlení ‡7ph135316 ‡2czenas
65009. ‡apreschool children ‡2eczenas
65009. ‡aschool children ‡2eczenas
65009. ‡adevelopment of thought ‡2eczenas
655 7. ‡apublikace pro děti ‡7fd133156 ‡2czenas
655 7. ‡apracovní sešity ‡7fd133116 ‡2czenas
655 9. ‡achildren's literature ‡2eczenas
655 9. ‡aactivity books ‡2eczenas
7650 . ‡tKindergartenspass mit Willi Wiesel, Rätseln und Kombinieren ‡9Česky
910 . ‡aABG312
901 . ‡a4032 ‡bUnknown ‡c4032 ‡tbiblio

Additional Resources